000 00464nam a2200169 a 4500
001 0000-8881
003 ELIB.Books
008 110520 2006
035 _a(ELIB.Books)0000-9029
082 _aM.Div
_bKhu
100 _aKhu Lar Paw, Naw
245 _aToday Christian Family Facing with Financial Problem
260 _bInsein: Karen Baptist Theological Seminary
_c2006
650 _aThesis
942 _2ddc
_cBK
998 _cbat
_e2011-05-20
999 _c8881
_d8881